| 000 | 02799nab a2200361 ab4500 | ||
|---|---|---|---|
| 005 | 20260218145450.0 | ||
| 008 | 251016c2025 ck fr p#o# #00| spa d | ||
| 003 | |||
| 040 |
_aMX-MxUPN _bspa _cMX-MxUPN _eaacr2 |
||
| 100 | 1 | _aGelvez Muñoz, María Camila | |
| 100 | 1 | _aDelgado Muñoz, Sol Angélica | |
| 100 | 1 | _aAriza Velasco, Lizeth Dayana | |
| 100 | 1 | _aDelgado Rojas, Fabián Orlando | |
| 100 | 1 | _aJaimes Patiño, Vannesa | |
| 100 | 1 | _aMartínez Garrido, Lia Margarita | |
| 100 | 1 | _aSarmiento Prada, Edward Leonel | |
| 100 | 1 | _aMorantes Gómez, Germán Camilo | |
| 100 | 1 | _aRuben Avilés Reyes, Rubén | |
| 100 | 1 | _aMejía Orduz, Manuel Alejandro | |
| 245 | 1 |
_aEstudio de la respuesta psicofisiológica asociada a una prueba de conflicto emocional en jóvenes universitarios _h[recurso electrónico en línea] |
|
| 506 | 0 | _aAcceso abierto | |
| 520 | 3 |
_aLa importancia de las emociones radica en entender el comportamiento humano, dado que existen mecanismos fisiológicos que intervienen cuando un sujeto debe solucionar un conflicto con carga emocional. En este contexto, la presente investigación tuvo como objetivo estudiar la respuesta psicofisiológica asociada a una prueba de conflicto emocional en jóvenes universitarios. Mediante el registro cardiaco se evidenciaron cambios en la ejecución del conflicto y en la capacidad de resolución. La muestra estuvo conformada por 36 universitarios (Me = 19.3 ± 1.9), quienes no reportaron enfermedad cardiaca o consumo de SPA. En la captación de la información, se asignaron dos modalidades en la ejecución: evocación de la respuesta verbalizada y evocación de las respuestas no hablada-mentalizada, y para el registro cardiaco se utilizó el instrumento PowerLab® PL3508–8/35. Los resultados revelaron diferencias estadísticamente significativas en cuanto al grupo y la modalidad de evocación, con relación a una mayor variabilidad cardiaca, reflejando estados de mayor aceleración simpática en el grupo que verbalizó. Se concluye que el parámetro fisiológico revela diferencias significativas en la ejecución de la tarea de conflicto emocional, así como que la modalidad de verbalización genera una posible manifestación de pérdida del componente ejecutivo del control inhibitorio. _cPsychologia. |
|
| 653 | _aPsicofisiología | ||
| 653 | _aRegistros fisiológicos | ||
| 653 | _aFrecuencia cardiaca | ||
| 653 | _aViolencia de pareja | ||
| 653 | _aPrueba emocional | ||
| 773 |
_gVol. 19, no. 2, (2025), p. 51-62 _tPsychologia : avances de la disciplina _x1900-2386 |
||
| 856 | 4 | _uhttps://revistas.usb.edu.co/index.php/Psychologia/article/view/6797 | |
| 856 | 4 | _uhttps://revistas.usb.edu.co/index.php/Psychologia/article/view/6797/5693 | |
| 902 | _aLeonor Sotres/180226 | ||
| 942 | _cART-E | ||
| 999 |
_c214649 _d214649 |
||